00572 2200193 4500001002100000005001500021035002000036007000300056008004100059082001100100084001700111100001800128245007900146250001100225260007700236300003500313990001500348990001500363INLIS00000000000773120210326101718 a0010-0321001101ta210326 g 0 ind  aR. 900 aR. 900 AKH s0 aAkhmad Elvian1 aSetengah Abad Kota Pangkalpinang :bSebagai Daerah Otonom /cAkhmad Elvian aCet. 1 aPangkalpinang :bDinas Kebudayaan & Pariwisata Kota Pangkalpinang,c2006 ax, 95 hlm :b. ;c14 x 20,5 cm a13344434 a a13344434 b